<?xml version="1.0" encoding="UTF-8"?>
<record
    xmlns:xsi="http://www.w3.org/2001/XMLSchema-instance"
    xsi:schemaLocation="http://www.loc.gov/MARC21/slim http://www.loc.gov/standards/marcxml/schema/MARC21slim.xsd"
    xmlns="http://www.loc.gov/MARC21/slim">

  <leader>01562nam a2200349 u 4500</leader>
  <controlfield tag="001">143741</controlfield>
  <controlfield tag="005">20260506075419.0</controlfield>
  <controlfield tag="008">971106s1997       ||||||m|         spa  </controlfield>
  <datafield tag="035" ind1=" " ind2=" ">
    <subfield code="a">143741</subfield>
  </datafield>
  <datafield tag="040" ind1=" " ind2=" ">
    <subfield code="c">comduadb</subfield>
  </datafield>
  <datafield tag="041" ind1=" " ind2=" ">
    <subfield code="a">spa</subfield>
  </datafield>
  <datafield tag="050" ind1=" " ind2="4">
    <subfield code="a">F</subfield>
  </datafield>
  <datafield tag="080" ind1=" " ind2=" ">
    <subfield code="a">R/CD</subfield>
  </datafield>
  <datafield tag="082" ind1=" " ind2="4">
    <subfield code="a">363</subfield>
  </datafield>
  <datafield tag="100" ind1="1" ind2="0">
    <subfield code="a">Tobar Carre&#xF1;o, Gloria Rocio</subfield>
    <subfield code="4">aut</subfield>
    <subfield code="e">aut</subfield>
    <subfield code="9">276782</subfield>
  </datafield>
  <datafield tag="245" ind1="1" ind2="3">
    <subfield code="a">El trueque que tronca la vida : Contexto social, economico y familiar de cinco menores y ocho familias que reflejan la problematica de la prostitucion infantil</subfield>
  </datafield>
  <datafield tag="260" ind1=" " ind2=" ">
    <subfield code="a">Medell&#xED;n :</subfield>
    <subfield code="b">[sin publicador],</subfield>
    <subfield code="c">1997.</subfield>
  </datafield>
  <datafield tag="300" ind1=" " ind2=" ">
    <subfield code="a">165 hojas</subfield>
  </datafield>
  <datafield tag="520" ind1="3" ind2=" ">
    <subfield code="a">Permite identificar el contexto social, econ&#xF3;mico y familiar en el que est&#xE1;n inscritas las menores para determinar como &#xE9;ste las hace vulnerables al ejercicio de la prostituci&#xF3;n, con la intenci&#xF3;n de dar a conocer a la sociedad civil del pais la situaci&#xF3;n de riesgo en la que se encuentra su ni&#xF1;ez, dada la marginalidad social, econ&#xF3;mica y familiar a la que est&#xE1; sometida.</subfield>
  </datafield>
  <datafield tag="650" ind1=" " ind2=" ">
    <subfield code="a">Prostituci&#xF3;n infantil</subfield>
    <subfield code="9">13382</subfield>
  </datafield>
  <datafield tag="650" ind1=" " ind2="7">
    <subfield code="a">Problemas sociales</subfield>
    <subfield code="2">lemb</subfield>
    <subfield code="9">325</subfield>
  </datafield>
  <datafield tag="650" ind1=" " ind2=" ">
    <subfield code="a">Historias de vida</subfield>
    <subfield code="9">2409</subfield>
  </datafield>
  <datafield tag="650" ind1=" " ind2="7">
    <subfield code="a">Familia</subfield>
    <subfield code="2">lemb</subfield>
    <subfield code="9">60807</subfield>
  </datafield>
  <datafield tag="650" ind1=" " ind2=" ">
    <subfield code="a">Antioquia (Colombia)</subfield>
    <subfield code="9">77506</subfield>
  </datafield>
  <datafield tag="650" ind1=" " ind2=" ">
    <subfield code="a">Abuso sexual</subfield>
    <subfield code="9">40014</subfield>
  </datafield>
  <datafield tag="650" ind1=" " ind2=" ">
    <subfield code="a">Condiciones econ&#xF3;micas</subfield>
    <subfield code="9">21069</subfield>
  </datafield>
  <datafield tag="650" ind1=" " ind2="7">
    <subfield code="a">Condici&#xF3;n social</subfield>
    <subfield code="2">lemb</subfield>
    <subfield code="9">13472</subfield>
  </datafield>
  <datafield tag="650" ind1=" " ind2=" ">
    <subfield code="a">Ni&#xF1;os</subfield>
    <subfield code="9">575</subfield>
  </datafield>
  <datafield tag="651" ind1=" " ind2="7">
    <subfield code="a">Colombia</subfield>
    <subfield code="2">embne</subfield>
    <subfield code="9">870547</subfield>
  </datafield>
  <datafield tag="942" ind1=" " ind2=" ">
    <subfield code="c">TESIS</subfield>
  </datafield>
  <datafield tag="999" ind1=" " ind2=" ">
    <subfield code="c">72716</subfield>
    <subfield code="d">72716</subfield>
  </datafield>
  <datafield tag="500" ind1=" " ind2=" ">
    <subfield code="a">Tesis (Especialista en Gerencia del Desarrollo Social). Universidad de Antioquia - T&#xED;tulo del grado otorgado</subfield>
  </datafield>
  <datafield tag="952" ind1=" " ind2=" ">
    <subfield code="0">0</subfield>
    <subfield code="1">0</subfield>
    <subfield code="4">0</subfield>
    <subfield code="7">0</subfield>
    <subfield code="8">ANTIOQUIA</subfield>
    <subfield code="a">BC</subfield>
    <subfield code="b">BC</subfield>
    <subfield code="d">1997-11-06</subfield>
    <subfield code="i">C199290</subfield>
    <subfield code="l">0</subfield>
    <subfield code="o">363.44 T628t</subfield>
    <subfield code="p">61000001152582</subfield>
    <subfield code="r">2023-04-21 00:00:00</subfield>
    <subfield code="t">1</subfield>
    <subfield code="w">2023-04-21</subfield>
    <subfield code="y">TESISI</subfield>
  </datafield>
  <datafield tag="952" ind1=" " ind2=" ">
    <subfield code="0">0</subfield>
    <subfield code="1">0</subfield>
    <subfield code="4">0</subfield>
    <subfield code="7">0</subfield>
    <subfield code="8">GENERAL</subfield>
    <subfield code="a">CISH</subfield>
    <subfield code="b">CISH</subfield>
    <subfield code="d">2006-11-01</subfield>
    <subfield code="i">C928593</subfield>
    <subfield code="l">0</subfield>
    <subfield code="o">F-02605</subfield>
    <subfield code="p">0618161</subfield>
    <subfield code="r">2023-04-21 00:00:00</subfield>
    <subfield code="t">2</subfield>
    <subfield code="w">2023-04-21</subfield>
    <subfield code="y">TESIS</subfield>
  </datafield>
  <datafield tag="952" ind1=" " ind2=" ">
    <subfield code="0">0</subfield>
    <subfield code="1">0</subfield>
    <subfield code="4">0</subfield>
    <subfield code="7">0</subfield>
    <subfield code="8">DIGITAL</subfield>
    <subfield code="a">CISH</subfield>
    <subfield code="b">CISH</subfield>
    <subfield code="d">2018-10-08</subfield>
    <subfield code="e">Material adquirido por donaci&#xF3;n</subfield>
    <subfield code="i">C1297151</subfield>
    <subfield code="l">0</subfield>
    <subfield code="o">R/CD-05034</subfield>
    <subfield code="r">2023-04-21 00:00:00</subfield>
    <subfield code="t">3</subfield>
    <subfield code="w">2023-04-21</subfield>
    <subfield code="y">TESIS</subfield>
  </datafield>
</record>
